000 00455nam a2200145 4500
999 _c16896
_d16896
008 220411b ||||| |||| 00| 0 eng d
022 _a0117-3308
082 _aDPer 004.1105 C73 Sept 2010 - April 2011 v. 20 n. 3-9
245 _aLow awareness in 'green PC' definition.
260 _aPhilippines:
_bSchneider Electric,
_c©2010-2011.
300 _av20 n5, page 6;
_c27 cm.
500 _aComputer world.
650 _aComputers.
_945129
942 _2ddc
_cPER